Viehhaltung und fütterung /

Bibliographic Details
Main Author: Carstens, Peter, 1903-
Other Authors: Werner, Alexander, 1899-
Format: Book
Language:German
Published: Berlin : Reichsnahrstand Verlags-ges. M.B.H., [1937]
Edition:8. (achte) aufl.
Series:Landwirtschaftliche lehrbuch-reihe ... 3. t
Subjects:

MARC

Tag First Indicator Second Indicator Subfields
LEADER 00000cam a2200000 4500
001 in00000044843
005 20151007075154.0
008 800613s1937 gw a 00010 ger d
035 |a (OCoLC)06415683 
035 |9 AAF2764AM 
040 |a TXA  |c TXA  |d UtOrBLW 
049 |a TXAM  |c [154948] 
090 |a HD9410.5  |b .C37 1937 
092 |a 636.08  |b C321v 
100 1 |a Carstens, Peter,  |d 1903- 
245 1 0 |a Viehhaltung und fütterung /  |c [von] Prof. Dr. P. Carstens-Hohenheim [und] Dr. A. Werner-Berlin. 
250 |a 8. (achte) aufl. 
264 1 |a Berlin :  |b Reichsnahrstand Verlags-ges. M.B.H.,  |c [1937] 
264 4 |c [©1937] 
300 |a 244 pages :  |b illustrations, diagram ;  |c 23 cm. 
336 |a text  |b txt  |2 rdacontent 
337 |a unmediated  |b n  |2 rdamedia 
338 |a volume  |b nc  |2 rdacarrier 
490 0 |a Landwirtschaftliche lehrbuch-reihe ... 3. t 
500 |a "Futterbedarf und futterwert; hilfstabellen und richtlinien fur die berechnung von tagesfuttermengen. Beilage zur Landwirtschaftlichen lehrbuch-reihe, t. 3: 'Viehhaltung und futterung'" (47 [1] pages diagrs. 16 cm.) laid in pocket. 
650 0 |a Animal industry. 
650 0 |a Feeds. 
700 1 |a Werner, Alexander,  |d 1899- 
999 |a MARS 
999 f f |s eea081a8-f54c-35d8-8346-84695f9d4195  |i 5bd3905f-28d4-3fbb-a792-d4cdbc2cd7a1  |t 0 
952 f f |p ric  |a Texas A&M University  |b Rellis Campus  |c Joint Library Facility  |d Remote Storage  |t 0  |e HD9410.5 .C37 1937  |h Library of Congress classification  |i unmediated -- volume  |m A14801087735 
998 f f |a HD9410.5 .C37 1937  |t 0  |l Remote Storage